Náhľad na prevenciu recidívy jedincov v penitenciárnej a postpenitenciárnej starostlivosti

Bibliographic Details
Main Author: Kozoň, Anton (Author)
Format: Article
Language:Slovak
PhysicalDescription:Lit. 6 zázn. v slov.
Subjects:

MARC

LEADER 00000nab a2200000 a 4500
001 vtls000474721
003 SK-MaSNL
005 20260303195843.0
008 230120c1992 xo 0 slo
015 |a SNBRB19rr/mm-uuuuu 
035 |a CL0474855 
035 |a urn:nbn:sk:snk-abbda 
035 |a (urnnbn)urn:nbn:sk:snk:ar-0037ep 
035 |a (uuid)c6a07948-b5ba-47b7-b22e-63e8b60148ba 
040 |a SNKBUCL  |b slo  |c SNKBUCL  |e AACR2 
041 0 |a slo 
044 |a xo  |c SK 
080 |a 343.848  |2 1981 
080 |a 343.85  |2 1981 
100 1 |a Kozoň, Anton  |4 aut  |9 1146681 
245 1 0 |a Náhľad na prevenciu recidívy jedincov v penitenciárnej a postpenitenciárnej starostlivosti  |c Anton Kozoň 
300 |b Lit. 6 zázn. v slov. 
650 0 7 |a penitenciárna starostlivosť  |2 snkbucl  |9 177274 
650 0 7 |a postpenitenciárna starostlivosť  |2 snkbucl  |9 240198 
655 7 |a články z novín a časopisov  |2 snkbucl  |9 267496 
773 0 |t Justičná revue  |g Roč. 44, č. 8-9 (1992), s. 8-11 
850 |a Slovenská národná knižnica v Martine  |a MTA001 
852 |a SNK  |b KIS3GCP 
954 |a odborná, vedecká literatúra pôvodná (slovenská)  |2 lita 
958 |a OND 
958 |a NB 
958 |a RK 
958 |a EUIPO 
958 |a article27 
992 |a RBX 
999 |c 2165174  |d 2167104